| 000 | 00861cam a2200253 i 4500 | ||
|---|---|---|---|
| 999 |
_c1289 _d1289 |
||
| 001 | 2270854 | ||
| 005 | 20170718094107.0 | ||
| 008 | 790130s1978 enk b 001 0 eng | ||
| 010 | _a 78323731 | ||
| 015 | _aGB*** | ||
| 020 |
_a0631193405 : _c£12.00 |
||
| 040 |
_aDLC _cDLC _dDLC |
||
| 050 | 0 | 0 |
_aB799 _b.P47 1978b |
| 082 | 0 | 0 | _a109 |
| 245 | 0 | 0 |
_aPhilosophy East/philosophy West : _ba critical comparison of Indian, Chinese, Islamic, and European philosophy / _cBen-Ami Scharfstein ... [et al.]. |
| 260 |
_aOxford : _bB. Blackwell, _cc1978. |
||
| 300 |
_aviii, 359 p. ; _c23 cm. |
||
| 500 | _aIncludes index. | ||
| 504 | _aBibliography: p. [331]-350. | ||
| 650 | 0 |
_aPhilosophy, Comparative. _91620 |
|
| 700 | 1 |
_aScharfstein, Ben-Ami, _d1919- _919696 |
|
| 906 |
_a7 _bcbc _corignew _d3 _encip _f19 _gy-gencatlg |
||
| 942 |
_2lcc _cMONOGRAPH |
||